Song Titles by Synonyms #1 - Statistics

General Stats
  • This quiz has been taken 69,726 times
    32,291 since last reset
  • The average score is 12 of 20
Answer Stats
Synonyms Year Song Title % Correct
Phone Me Perchance 2011 Call Me Maybe
96%
Violet Precipitation 1984 Purple Rain
81%
We Located Romance 2011 We Found Love
81%
Miniscule Ballerina 1971 Tiny Dancer
79%
Prepared to Perish 1994 Ready to Die
75%
The Teeny Weeny Arachnid ? The Itsy Bitsy Spider
67%
Untamed Equines 1971 Wild Horses
65%
Hazard Area 1986 Danger Zone
63%
Big Spheres of Flame 1957 Great Balls of Fire
62%
Jogging Up That Knoll (A Contract With Zeus) 1985 Running Up That Hill (A Deal With God)
60%
When Pigeons Weep 1984 When Doves Cry
59%
Rudy the Scarlet Proboscised Caribou 1949 Rudolph the Red Nosed Reindeer
55%
Evil Bloke 2019 Bad Guy
50%
Choreography Simian 2019 Dance Monkey
46%
Uncolored Nuptials 1982 White Wedding
46%
Sabbath Sanguine Sabbath 1983 Sunday Bloody Sunday
42%
Compassion for the Antichrist 1968 Sympathy for the Devil
42%
Bison Warrior 1983 Buffalo Soldier
40%
Coitus Contraption 1970 Sex Machine
37%
Thoroughfare to Perdition 1979 Highway to Hell
33%
No matching quizzes found
Score Distribution
Percent of People with Each Score
Percentile by Number Answered
Your Score History
You have not taken this quiz since the last reset